000 00450 a2200181 4500
003 Nust
005 20170207154050.0
020 _a0-415-19235-8 ;
040 _cNust
082 _a410.1
082 _a410.1
100 1 _aSamuel David Epstein
245 0 0 _aEssays in syntactic theory (E-Book)
_cSamuel David Epstein
260 _aLondon :
_bRoutledge,
_c2000
300 _a175p;
_c24 cm
440 0 _aRoutledge leading linguists,
_v5
651 _a(E-Book)
942 _2ddc
_cBK
999 _c193085
_d193085